000 00553nam a2200181 4500
001 122924
003 ES-MaACL
007 t|
008 070214s1968 sp r ||||0| spa d
100 1 _aPundel, J. Paul.
_994406
245 1 0 _aColpocitología hormonal /
_cJ. Paul Pundel ; versión de J. Esteba Caballería.
250 _a1ª. ed.
260 _aBarcelona :
_bToray-Masson,
_c1968.
300 _aXVI, 316 p., 3 lám :
_bil ;
_c25 cm.
700 _aEsteba Caballería, J
_9202293
852 _aES-MaACL
_jG-5442
_bR.66279
999 _c122924
_d122924